| 000 | 00816nam a22002177a 4500 | ||
|---|---|---|---|
| 003 | JO-AjAnu | ||
| 005 | 20231202102225.0 | ||
| 008 | 231202b jo ||||| |||| 00| 0 ara d | ||
| 022 | _29789778126143 | ||
| 040 |
_aJO-AjAnu _bara _cJO-AjAnu _dJO-AjAnu |
||
| 041 | 1 |
_aara _aeng _hara |
|
| 050 |
_aSB600 _b2021 |
||
| 100 | 1 |
_aأحمد، محمد علي _964561 _eمؤلف |
|
| 245 | 0 |
_aموسوعة المصطلحات الفطرية المصورة = PICTORIAL ENCYCLOPEDIA OF THE FUNGAL TERMINOLOGY / _cمحمد علي احمد |
|
| 250 | _aالطبعة الاولى | ||
| 260 |
_aالقاهرة : _bالمكتب العربي للمعارف، _c2021 |
||
| 300 | _a1200 صفحة | ||
| 500 | _aيحتوي على صور | ||
| 650 | 0 |
_aالنباتات-امراض وحشرات-معاجم _964568 |
|
| 942 |
_2lcc _cREF _n0 |
||
| 999 |
_c33205 _d33205 |
||